[Event "World-chT Rapid"]
[Site "Dusseldorf"]
[Date "2023.08.27"]
[Round "7.18"]
[White "Dyachuk, Artem"]
[Black "Kraus, Sebastian"]
[Result "1-0"]
[WhiteElo "2242"]
[BlackElo "1904"]
[PlyCount "87"]
[EventDate "2023.08.26"]
[EventType "team-swiss (rapid)"]
[EventRounds "12"]
[EventCountry "GER"]
[SourceTitle "CBM 215 Extra"]
[Source "ChessBase"]
[SourceDate "2023.09.30"]
[SourceVersion "1"]
[SourceVersionDate "2023.09.30"]
[SourceQuality "1"]
[WhiteTeam "Chess Wizzards"]
[BlackTeam "Bayreuth Unischach"]
[WhiteTeamCountry "UKR"]
[BlackTeamCountry "GER"]

1. e4 e5 2. Nf3 Nc6 3. Bc4 Nf6 4. d3 Be7 5. c3 0-0 6. 0-0 d6 7. Nbd2 Nd7 8. h3 Bf6 9. Re1 Nc5 10. Nf1 Be6 11. Bb5 Ne7 12. Ng3 a6 13. Bc4 Bxc4 14. dxc4 g6 15. Bh6 Bg7 16. Qd2 Ne6 17. Rad1 Qc8 18. h4 Kh8 19. h5 Ng8 20. Bxg7+ Kxg7 21. Qe3 Nf4 22. c5 Qe6 23. cxd6 cxd6 24. Qb6 Rad8 25. Rd2 Nf6 26. Red1 N6xh5 27. Rxd6 Rxd6 28. Qxd6 Re8 29. Qxe6 Rxe6 30. Rd7 b5 31. Nxh5+ gxh5 32. g3 Ne2+ 33. Kf1 Nc1 34. Rd1 Nxa2 35. Ra1 Nxc3 36. bxc3 f6 37. Ke2 Rd6 38. Nh4 Kf7 39. Nf5 Rc6 40. Kd3 Ke6 41. Rh1 a5 42. Rxh5 b4 43. Rxh7 Rxc3+ 44. Kd2 1-0

[Event "Mittelfrank Regionalliga Nord-Ost 2223"]
[Site "Mittelfranken"]
[Date "2023.04.23"]
[Round "9.2"]
[White "Mueller, Christian7777"]
[Black "Kraus, Sebastian"]
[Result "0-1"]
[WhiteElo "2052"]
[BlackElo "2031"]
[PlyCount "44"]
[EventDate "2022.10.09"]
[EventType "team-tourn"]
[EventRounds "9"]
[EventCountry "GER"]
[SourceTitle "EXT 2024"]
[Source "ChessBase"]
[SourceDate "2023.10.10"]
[SourceVersion "1"]
[SourceVersionDate "2023.10.10"]
[SourceQuality "1"]
[WhiteTeam "Nuernberg Sued SW"]
[BlackTeam "Nuernberg Jaeklechemie"]
[WhiteTeamCountry "GER"]
[BlackTeamCountry "GER"]

1. e4 e5 2. Nf3 Nc6 3. Bc4 Nf6 4. Ng5 d5 5. exd5 b5 6. Bf1 Nxd5 7. Bxb5 Bb7 8. Nf3 Bd6 9. d3 0-0 10. Nc3 Nd4 11. Nxd4 Nxc3 12. bxc3 exd4 13. 0-0 Qh4 14. h3 Qf6 15. c4 Rad8 16. Qh5 c6 17. c5 cxb5 18. cxd6 Rxd6 19. Qxb5 Rb6 20. Qg5 Qxg5 21. Bxg5 Rg6 22. Rab1 Bc6 0-1

[Event "Pardubice Czech op-B 32nd"]
[Site "Pardubice"]
[Date "2021.07.31"]
[Round "9"]
[White "Paldus, Petr"]
[Black "Kraus, Sebastian"]
[Result "1-0"]
[WhiteElo "2025"]
[BlackElo "1890"]
[PlyCount "79"]
[EventDate "2021.07.24"]
[EventType "swiss"]
[EventRounds "9"]
[EventCountry "CZE"]
[SourceTitle "EXT 2022"]
[Source "ChessBase"]
[SourceDate "2021.10.06"]
[SourceVersion "1"]
[SourceVersionDate "2021.10.06"]
[SourceQuality "1"]

1. e4 e5 2. Nf3 Nc6 3. Bc4 Nf6 4. d3 h6 5. Nc3 d6 6. h3 g6 7. Be3 Bg7 8. a3 0-0 9. Qd2 Kh7 10. Nh2 Be6 11. Ng4 Bxc4 12. dxc4 Ng8 13. f3 a6 14. 0-0-0 Rb8 15. c5 Nd4 16. cxd6 cxd6 17. Ne2 f5 18. Nf2 d5 19. Nxd4 exd4 20. Bxd4 Bxd4 21. Qxd4 fxe4 22. Qxd5 Qxd5 23. Rxd5 exf3 24. Rd7+ Kh8 25. gxf3 Rxf3 26. Ng4 Re8 27. Rxb7 h5 28. Rh2 Re7 29. Rxe7 Nxe7 30. Ne5 Re3 31. Nd3 h4 32. Kd2 Rg3 33. b4 Nd5 34. c4 Ne3 35. Kc3 Kg8 36. a4 Kf8 37. b5 axb5 38. cxb5 Ke8 39. a5 Rg5 40. Re2 1-0

[Event "Pardubice Czech op-B 32nd"]
[Site "Pardubice"]
[Date "2021.07.28"]
[Round "6"]
[White "Pekar, Vaclav"]
[Black "Kraus, Sebastian"]
[Result "1/2-1/2"]
[WhiteElo "2190"]
[BlackElo "1890"]
[PlyCount "103"]
[EventDate "2021.07.24"]
[EventType "swiss"]
[EventRounds "9"]
[EventCountry "CZE"]
[SourceTitle "EXT 2022"]
[Source "ChessBase"]
[SourceDate "2021.10.06"]
[SourceVersion "1"]
[SourceVersionDate "2021.10.06"]
[SourceQuality "1"]

1. c4 e6 2. g3 Nf6 3. Bg2 d5 4. Nf3 Be7 5. 0-0 0-0 6. d4 dxc4 7. Qa4 a6 8. Qxc4 b5 9. Qc2 Bb7 10. Bf4 Bd6 11. Bg5 Nbd7 12. Nbd2 Rc8 13. a4 c5 14. axb5 axb5 15. Qb3 Qb6 16. Bxf6 gxf6 17. dxc5 Bxc5 18. Ne1 Bxg2 19. Nxg2 Rfd8 20. Ne4 Bd4 21. e3 Be5 22. Rfc1 f5 23. Rxc8 Rxc8 24. Nc3 b4 25. Na4 Qb5 26. Rd1 Nc5 27. Nxc5 Qxc5 28. Ne1 Bf6 29. Nd3 Qc2 30. Qxc2 Rxc2 31. Nxb4 Rxb2 32. Nd3 Rb7 33. Nf4 Kg7 34. Kg2 Be5 35. Ne2 Rb2 36. Kf3 Ra2 37. h3 h5 38. Rb1 Rd2 39. Rb5 Kf6 40. h4 Ra2 41. Ng1 Bc3 42. Nh3 Ra8 43. Rb7 Rf8 44. e4 fxe4+ 45. Kxe4 Bd2 46. Rd7 Bh6 47. f4 Ra8 48. Nf2 Ra4+ 49. Kf3 Ra3+ 50. Nd3 Kg6 51. g4 hxg4+ 52. Kxg4 1/2-1/2

[Event "Nuremberg op"]
[Site "Nuremberg"]
[Date "2019.11.17"]
[Round "5"]
[White "Ulusoy, Tolga"]
[Black "Kraus, Sebastian"]
[Result "1-0"]
[WhiteElo "2034"]
[BlackElo "1922"]
[PlyCount "45"]
[EventDate "2019.11.15"]
[EventType "swiss"]
[EventRounds "5"]
[EventCountry "GER"]
[SourceTitle "CBM 193 Extra"]
[Source "ChessBase"]
[SourceDate "2020.01.31"]
[SourceVersion "1"]
[SourceVersionDate "2020.01.31"]
[SourceQuality "1"]

1. e4 e5 2. f4 exf4 3. Bc4 Nf6 4. Nc3 c6 5. d4 d5 6. exd5 cxd5 7. Bb3 Bb4 8. Nge2 0-0 9. 0-0 f3 10. gxf3 Bh3 11. Rf2 Bxc3 12. Nxc3 h6 13. Bf4 Nc6 14. Qd2 Kh7 15. Qd3+ Kh8 16. Kh1 Qb6 17. Ne2 Na5 18. Rg1 Nxb3 19. axb3 Qe6 20. Be5 Bf5 21. Qd2 Nh5 22. Nf4 Nxf4 23. Bxg7+ 1-0

[Event "Nuremberg op"]
[Site "Nuremberg"]
[Date "2019.11.16"]
[Round "2"]
[White "Kraus, Sebastian"]
[Black "Kellner, Nikolaus"]
[Result "1-0"]
[WhiteElo "1922"]
[BlackElo "1662"]
[PlyCount "47"]
[EventDate "2019.11.15"]
[EventType "swiss"]
[EventRounds "5"]
[EventCountry "GER"]
[SourceTitle "CBM 193 Extra"]
[Source "ChessBase"]
[SourceDate "2020.01.31"]
[SourceVersion "1"]
[SourceVersionDate "2020.01.31"]
[SourceQuality "1"]

1. e4 e5 2. Nf3 f5 3. Nxe5 Qe7 4. d4 Nf6 5. Be2 g6 6. exf5 d6 7. Nf3 Bxf5 8. 0-0 Nc6 9. d5 Ne5 10. Bb5+ c6 11. dxc6 bxc6 12. Nxe5 cxb5 13. Nc6 Qd7 14. Re1+ Kf7 15. Bg5 Rg8 16. Qd4 Ne4 17. Rxe4 Bxe4 18. Ne5+ Ke6 19. Nxd7 Kxd7 20. Qxe4 Bh6 21. Nc3 b4 22. Qb7+ Ke6 23. Re1+ Kf5 24. Qd5+ 1-0

[Event "Nuremberg op"]
[Site "Nuremberg"]
[Date "2019.11.16"]
[Round "3"]
[White "Wagner, Florian"]
[Black "Kraus, Sebastian"]
[Result "1-0"]
[WhiteElo "2193"]
[BlackElo "1922"]
[PlyCount "63"]
[EventDate "2019.11.15"]
[EventType "swiss"]
[EventRounds "5"]
[EventCountry "GER"]
[SourceTitle "CBM 193 Extra"]
[Source "ChessBase"]
[SourceDate "2020.01.31"]
[SourceVersion "1"]
[SourceVersionDate "2020.01.31"]
[SourceQuality "1"]

1. e4 e5 2. Nf3 Nc6 3. Bb5 a6 4. Ba4 Nf6 5. d3 b5 6. Bb3 Bc5 7. 0-0 d6 8. a4 Rb8 9. axb5 axb5 10. c3 Bb6 11. Na3 Na5 12. Bc2 Bd7 13. b4 Nb7 14. c4 c6 15. d4 Bg4 16. dxe5 dxe5 17. Qxd8+ Nxd8 18. Bb2 Bxf3 19. Bxe5 Bxg2 20. Kxg2 Rc8 21. cxb5 cxb5 22. Bd3 Ng4 23. Bxb5+ Ke7 24. Bg3 Ne6 25. Nc4 Bd4 26. Bd6+ Kf6 27. Ra3 Ne5 28. Bxe5+ Bxe5 29. Nb6 Nf4+ 30. Kf3 Rc2 31. Nd7+ Ke6 32. Ra6+ 1-0

[Event "Mittelfranken-chTB2a 1819"]
[Site "Mittelfranken"]
[Date "2019.03.03"]
[Round "6.4"]
[White "Truempelmann, Jochen"]
[Black "Kraus, Sebastian"]
[Result "1-0"]
[WhiteElo "1882"]
[BlackElo "1959"]
[PlyCount "131"]
[EventDate "2018.10.14"]
[EventType "team-tourn"]
[EventRounds "9"]
[EventCountry "GER"]
[SourceTitle "EXT 2022"]
[Source "ChessBase"]
[SourceDate "2021.10.06"]
[SourceVersion "1"]
[SourceVersionDate "2021.10.06"]
[SourceQuality "1"]
[WhiteTeam "Cadolzburg"]
[BlackTeam "Jaecklechemie SC"]
[WhiteTeamCountry "GER"]
[BlackTeamCountry "GER"]

1. e4 e5 2. Nf3 Nc6 3. Bb5 a6 4. Ba4 Nf6 5. d4 exd4 6. 0-0 b5 7. Bb3 Be7 8. e5 Ne4 9. Bd5 Nc5 10. Nxd4 Bb7 11. Nxc6 Bxc6 12. Bxc6 dxc6 13. Qg4 Ne6 14. Rd1 Qc8 15. Qe4 0-0 16. Qxc6 Rd8 17. Rxd8+ Qxd8 18. Nc3 Nd4 19. Qe4 Bc5 20. Bg5 Qe8 21. Rd1 Nc6 22. Nd5 Rc8 23. Re1 Bd4 24. c3 Bc5 25. h4 Qe6 26. Nf4 Qd7 27. e6 fxe6 28. Qxe6+ Qxe6 29. Rxe6 Bd6 30. Nd5 Ne5 31. Ne7+ Bxe7 32. Rxe7 Nc4 33. b3 Nb6 34. Re5 h6 35. Be3 Nd7 36. Re6 c6 37. Rd6 Nf8 38. Bb6 Kf7 39. Rd8 Rxd8 40. Bxd8 g6 41. Bb6 h5 42. Kf1 Ke6 43. Ke2 Kf5 44. f3 Ne6 45. Be3 Nc7 46. g3 Ne6 47. Kd3 Nc7 48. c4 Ne6 49. Kc3 a5 50. cxb5 cxb5 51. a4 bxa4 52. bxa4 Ke5 53. Kc4 Nd8 54. Kb5 Kd5 55. Bb6 Nc6 56. Bxa5 Nd4+ 57. Kb6 Nxf3 58. Bc3 g5 59. hxg5 Nxg5 60. a5 Ne4 61. a6 Nxc3 62. a7 Ne4 63. a8Q+ Kd4 64. Qh8+ Ke3 65. Qe5 Kf3 66. Qf4+ 1-0

[Event "Landesliga U20 Nord 1112"]
[Site "Bayern"]
[Date "2012.01.21"]
[Round "4.3"]
[White "Kraus, Sebastian"]
[Black "Nemeth Csoka, Mihaly"]
[Result "0-1"]
[WhiteElo "1395"]
[BlackElo "1803"]
[PlyCount "47"]
[EventDate "2011.11.12"]
[EventType "team-tourn"]
[EventRounds "7"]
[EventCountry "GER"]
[SourceTitle "EXT 2022"]
[Source "ChessBase"]
[SourceDate "2021.10.06"]
[SourceVersion "1"]
[SourceVersionDate "2021.10.06"]
[SourceQuality "1"]
[WhiteTeam "Puschendorf U20"]
[BlackTeam "Grossenseebach U20"]
[WhiteTeamCountry "GER"]
[BlackTeamCountry "GER"]

1. e4 g6 2. d4 Bg7 3. c4 d6 4. Nf3 e5 5. dxe5 dxe5 6. Qxd8+ Kxd8 7. c5 f6 8. Bc4 Nd7 9. Be3 Bf8 10. b4 a5 11. b5 Bxc5 12. Bxc5 Nxc5 13. Nc3 Ne7 14. Rd1+ Ke8 15. 0-0 Be6 16. Bxe6 Nxe6 17. Nd5 Nxd5 18. exd5 Nf4 19. Rd2 h5 20. Re1 Kd7 21. g3 Rad8 22. Nh4 g5 23. Nf5 Nh3+ 24. Kg2 0-1

[Event "Landesliga U20 Nord 1112"]
[Site "Bayern"]
[Date "2011.12.03"]
[Round "3.3"]
[White "Lutter, Maximilian"]
[Black "Kraus, Sebastian"]
[Result "0-1"]
[WhiteElo "1504"]
[BlackElo "1395"]
[PlyCount "120"]
[EventDate "2011.11.12"]
[EventType "team-tourn"]
[EventRounds "7"]
[EventCountry "GER"]
[SourceTitle "EXT 2022"]
[Source "ChessBase"]
[SourceDate "2021.10.06"]
[SourceVersion "1"]
[SourceVersionDate "2021.10.06"]
[SourceQuality "1"]
[WhiteTeam "Neumarkt U20"]
[BlackTeam "Puschendorf U20"]
[WhiteTeamCountry "GER"]
[BlackTeamCountry "GER"]

1. e4 c5 2. c3 g6 3. d4 cxd4 4. cxd4 Bg7 5. Nc3 Nc6 6. Be3 a6 7. a4 d6 8. Qd2 Bd7 9. Bc4 Na5 10. Ba2 Rc8 11. Nge2 b5 12. axb5 axb5 13. Nd5 e6 14. Ndf4 Ne7 15. Bxe6 fxe6 16. Rxa5 0-0 17. Ra6 Ra8 18. Rxd6 Ra1+ 19. Nc1 Qc7 20. e5 Nf5 21. Rxd7 Qxd7 22. 0-0 Rd8 23. Nb3 Rxf1+ 24. Kxf1 Nxe3+ 25. fxe3 Bxe5 26. dxe5 Qxd2 27. Nxd2 Rxd2 28. Nxe6 Rd5 29. Ke2 Rxe5 30. Nd4 b4 31. Kd3 Kf7 32. Nc6 Rf5 33. Ke2 Rb5 34. Kd3 Kf6 35. e4 Rb6 36. Nd4 Rd6 37. Kc4 Ke5 38. Nf3+ Kxe4 39. Kxb4 Ke3 40. Kc5 Rd8 41. Ne5 Rc8+ 42. Nc6 Kf2 43. g4 Kg2 44. b4 Kxh2 45. b5 Kg3 46. g5 Kg4 47. b6 Kxg5 48. b7 Rh8 49. Kd6 h5 50. b8Q Rxb8 51. Nxb8 h4 52. Nc6 Kf4 53. Ne5 g5 54. Nd3+ Ke3 55. Ne5 h3 56. Ng4+ Kf4 57. Nh2 Kg3 58. Nf1+ Kf2 59. Nh2 Kg2 60. Ng4 h2 0-1

[Event "Landesliga U20 Nord 1112"]
[Site "Bayern"]
[Date "2011.11.12"]
[Round "1.3"]
[White "Kulok, Solomon"]
[Black "Kraus, Sebastian"]
[Result "1-0"]
[WhiteElo "1795"]
[BlackElo "1395"]
[PlyCount "47"]
[EventDate "2011.11.12"]
[EventType "team-tourn"]
[EventRounds "7"]
[EventCountry "GER"]
[SourceTitle "EXT 2022"]
[Source "ChessBase"]
[SourceDate "2021.10.06"]
[SourceVersion "1"]
[SourceVersionDate "2021.10.06"]
[SourceQuality "1"]
[WhiteTeam "Nuernberg NT U20"]
[BlackTeam "Puschendorf U20"]
[WhiteTeamCountry "GER"]
[BlackTeamCountry "GER"]

1. e4 d5 2. exd5 Nf6 3. d4 Nxd5 4. c4 Nb6 5. h3 Nc6 6. Nf3 Bf5 7. a3 g6 8. Nc3 Bg7 9. Be3 e5 10. d5 e4 11. Nd2 Bxc3 12. bxc3 Ne5 13. Be2 Qe7 14. Qb1 a6 15. Qb4 Nd3+ 16. Bxd3 exd3 17. Qxe7+ Kxe7 18. 0-0 Rhe8 19. Rfe1 Kd7 20. Rad1 Re7 21. g4 Be4 22. f3 Bxf3 23. Nxf3 Rae8 24. Kf2 1-0

[Event "Forchheim op 10th"]
[Site "Forchheim"]
[Date "2011.10.08"]
[Round "2"]
[White "Otto, Moritz"]
[Black "Kraus, Sebastian"]
[Result "1-0"]
[WhiteElo "1666"]
[BlackElo "1250"]
[PlyCount "51"]
[EventDate "2011.10.07"]
[EventType "swiss"]
[EventRounds "5"]
[EventCountry "GER"]
[SourceTitle "CBM 144 Extra"]
[Source "ChessBase"]
[SourceDate "2011.10.28"]
[SourceVersion "1"]
[SourceVersionDate "2011.10.28"]
[SourceQuality "1"]

1. d4 Nf6 2. Bf4 g6 3. Nf3 Bg7 4. e3 d5 5. Bd3 0-0 6. Nbd2 Nc6 7. c3 a6 8. 0-0 b5 9. Rc1 Bb7 10. b3 Nh5 11. Bg5 Rc8 12. c4 Nb4 13. Bb1 bxc4 14. bxc4 Nf6 15. Qb3 c5 16. dxc5 Rxc5 17. Qxb4 Qc8 18. Ne5 h6 19. Bxf6 Bxf6 20. Nd7 Qxd7 21. Qxc5 Rc8 22. Qb4 d4 23. exd4 Rb8 24. Be4 Qxd4 25. Bxb7 Bg5 26. Nf3 1-0